000
00308nam a2200097Ia 4500
008
240331s9999 xx 000 0 und d
082
_b
TAS
100
_a
LSSP. ed
245
4
_a
The tasks ahead-Lanka Sama samaja party the P.A government :
_b
documents statement and press releases of the LSSP 1994-1996
942
_c
L
999
_c
2530
_d
2530